| 000 | 00903cam a2200301 a 4500 | ||
|---|---|---|---|
| 999 |
_c2373 _d2373 |
||
| 001 | .b56593429 | ||
| 003 | OCoLC | ||
| 005 | 20230502100207.0 | ||
| 008 | 090513s2009 enka j 000 1 eng | ||
| 015 |
_aGBA949216 _2bnb |
||
| 020 | _a9780141324920 (pbk.) | ||
| 035 | _a(OCoLC)339534764 | ||
| 040 |
_aUKM _beng _cUKM _dYDXCP _dOCLCQ _dOCLCO _dKH8 |
||
| 042 | _anbic | ||
| 082 | 0 | 4 |
_aFIC KIN _222 |
| 100 | 1 |
_aKinney, Jeff. _eauthor |
|
| 245 | 1 | 0 |
_aDiary of a wimpy kid : _bthe last straw / _cby Jeff Kinney. |
| 260 |
_aLondon : _bPuffin, _c2009. |
||
| 300 |
_a216 p. : _bill. ; _c20 cm. |
||
| 500 | _aOriginally published: New York: Harry N. Abrams, 2009. | ||
| 650 | 0 |
_aSchools _vJuvenile fiction. |
|
| 650 | 0 |
_aFamilies _vJuvenile fiction. |
|
| 650 | 0 |
_aCourage _vJuvenile fiction. |
|
| 655 | 0 | _aDiary fiction. | |
| 655 | 0 | _aHumorous stories. | |
| 655 | 0 | _aChildren's stories. | |
| 942 |
_2ddc _cFIC |
||